[Event "DSOL 07 Liga Gr-A 1st"]
[Site "Playchess.com INT"]
[Date "2020.07.29"]
[Round "6.1"]
[White "Arnz, Tom Niklas"]
[Black "Weiss, Michael"]
[Result "1-0"]
[WhiteElo "1660"]
[BlackElo "1896"]
[PlyCount "125"]
[EventDate "2020.06.22"]
[EventType "team-tourn (rapid)"]
[EventCountry "GER"]
[SourceTitle "EXT 2021"]
[Source "ChessBase"]
[SourceDate "2020.10.23"]
[SourceVersion "1"]
[SourceVersionDate "2020.10.23"]
[SourceQuality "1"]
[WhiteTeam "Lennep SF"]
[BlackTeam "Erbendorf"]
[WhiteTeamCountry "GER"]
[BlackTeamCountry "GER"]

1. e4 Nf6 2. e5 Nd5 3. c4 Nb6 4. d4 d6 5. f4 g6 6. Nf3 Bg7 7. Be2 0-0 8. 0-0 Be6 9. d5 Bg4 10. e6 fxe6 11. Ng5 Bxe2 12. Qxe2 Qd7 13. Nxe6 Rf7 14. Nc3 Na6 15. Be3 c5 16. Rf3 Bxc3 17. bxc3 Qa4 18. Ng5 Rg7 19. Ne6 Rf7 20. Ng5 Rg7 21. Bd2 Nc7 22. Ne6 Nxe6 23. Qxe6+ Kh8 24. f5 Qd7 25. Bh6 Qxe6 26. Bxg7+ Kxg7 27. fxe6 Rf8 28. Rxf8 Kxf8 29. Rf1+ Ke8 30. Rf7 Nxc4 31. Rxh7 Kf8 32. Rh8+ Kg7 33. Rb8 b6 34. Rb7 Kf6 35. Kf2 a5 36. h4 a4 37. g4 a3 38. h5 Ne5 39. hxg6 Nxg6 40. Rxb6 Ke5 41. Rb3 Kxd5 42. Rxa3 Kc4 43. Ke3 Ne5 44. Kf4 Kd5 45. Kf5 Nc4 46. g5 Ne3+ 47. Kg6 Kxe6 48. Kh7 Nf5 49. g6 d5 50. Ra6+ Ke5 51. Rc6 c4 52. g7 Nxg7 53. Kxg7 Ke4 54. a4 Kd3 55. a5 Kxc3 56. a6 d4 57. a7 d3 58. a8Q d2 59. Qa3+ Kc2 60. Rxc4+ Kd1 61. Qa1+ Ke2 62. Re4+ Kd3 63. Rxe7 1-0

[Event "Mittelfranken-chTB2a 0910"]
[Site "Mittelfranken"]
[Date "2010.02.21"]
[Round "7.6"]
[White "Grossner, Josef"]
[Black "Weiss, Michael"]
[Result "0-1"]
[WhiteElo "1633"]
[BlackElo "1895"]
[PlyCount "126"]
[EventDate "2009.10.11"]
[EventType "team-tourn"]
[EventRounds "9"]
[EventCountry "GER"]
[SourceTitle "EXT 2011"]
[Source "ChessBase"]
[SourceDate "2010.11.26"]
[SourceVersion "1"]
[SourceVersionDate "2010.11.26"]
[SourceQuality "1"]
[WhiteTeam "Fuerth SF II"]
[BlackTeam "Erlangen SC II"]
[WhiteTeamCountry "GER"]
[BlackTeamCountry "GER"]

1. e4 e6 2. d4 d5 3. Nc3 Bb4 4. e5 Ne7 5. a3 Bxc3+ 6. bxc3 c5 7. Qg4 Qc7 8. Qxg7 Rg8 9. Qxh7 cxd4 10. Qd3 dxc3 11. Bf4 Bd7 12. Ne2 Nbc6 13. Qxc3 Nf5 14. Rb1 0-0-0 15. Ng3 Nh4 16. Nh5 Ng6 17. Bg3 d4 18. Qd2 Ngxe5 19. Nf6 Rg6 20. Nxd7 Qxd7 21. Bb5 Qd5 22. 0-0 f6 23. Be2 Rdg8 24. f4 Nc4 25. Bxc4 Qxc4 26. f5 exf5 27. Rxf5 Ne5 28. Rb4 Qe6 29. Rf2 Nc6 30. Re2 Qd5 31. Rb3 Qc5 32. Kh1 Qh5 33. Kg1 Qc5 34. Kh1 Rg4 35. Rf2 Qh5 36. Kg1 R8g6 37. Qe2 Ne5 38. Qb5 Qh7 39. Qc5+ Nc6 40. Qf8+ Nd8 41. Rb4 Qf7 42. Qc5+ Nc6 43. Rb3 Qe6 44. Qf8+ Nd8 45. Qc5+ Nc6 46. Qf5 Qxf5 47. Rxf5 Ne5 48. Rf2 b6 49. Rf4 Kd7 50. Rxg4 Rxg4 51. Rb4 Ke6 52. a4 d3 53. Rxg4 dxc2 54. Bf4 Nxg4 55. Kf1 Nxh2+ 56. Ke2 Kf5 57. Bc1 Ke4 58. Bh6 Ng4 59. Bc1 f5 60. g3 a6 61. Bf4 b5 62. axb5 axb5 63. Kd2 Ne3 0-1

[Event "Mittelfranken-chTB2a 0809"]
[Site "Mittelfranken"]
[Date "2009.04.26"]
[Round "9.6"]
[White "Weiss, Michael"]
[Black "Hintyes, Helmuth"]
[Result "0-1"]
[WhiteElo "1941"]
[BlackElo "1891"]
[PlyCount "66"]
[EventDate "2008.10.12"]
[EventType "team"]
[EventRounds "9"]
[EventCountry "GER"]
[SourceTitle "EXT 2011"]
[Source "ChessBase"]
[SourceDate "2010.11.26"]
[SourceVersion "1"]
[SourceVersionDate "2010.11.26"]
[SourceQuality "1"]
[WhiteTeam "Erlangen SC II"]
[BlackTeam "Nuernberg Sued SW III"]
[WhiteTeamCountry "GER"]
[BlackTeamCountry "GER"]

1. d4 d5 2. c4 c6 3. Nf3 Nf6 4. e3 g6 5. Nc3 Bg7 6. Bd3 0-0 7. b3 c5 8. 0-0 cxd4 9. exd4 Nc6 10. h3 dxc4 11. Bxc4 e6 12. Ba3 Re8 13. Rc1 a6 14. Bb2 Rb8 15. a4 Nh5 16. Ne4 b5 17. axb5 axb5 18. Be2 Ne7 19. Ne5 Nf4 20. Nc6 Nxc6 21. Rxc6 Qd5 22. Bf3 Qd8 23. Nd6 Rf8 24. Nxc8 Rxc8 25. Qd2 Rxc6 26. Bxc6 Qg5 27. Qe3 Rc8 28. Bb7 Rc2 29. Ba3 Bxd4 30. Qe4 Nxh3+ 31. Kh2 Be5+ 32. f4 Nxf4 33. Qxc2 Ne2+ 0-1

[Event "Mittelfranken-chTB2a 0809"]
[Site "Mittelfranken"]
[Date "2009.03.22"]
[Round "8.6"]
[White "Eichstaedt, Timm"]
[Black "Weiss, Michael"]
[Result "1-0"]
[WhiteElo "1873"]
[BlackElo "1941"]
[PlyCount "61"]
[EventDate "2008.10.12"]
[EventType "team"]
[EventRounds "9"]
[EventCountry "GER"]
[SourceTitle "EXT 2011"]
[Source "ChessBase"]
[SourceDate "2010.11.26"]
[SourceVersion "1"]
[SourceVersionDate "2010.11.26"]
[SourceQuality "1"]
[WhiteTeam "Herzogenaurach"]
[BlackTeam "Erlangen SC II"]
[WhiteTeamCountry "GER"]
[BlackTeamCountry "GER"]

1. Nf3 Nf6 2. d4 d5 3. c4 dxc4 4. Nc3 Nc6 5. e4 Bg4 6. e5 Nd5 7. Bxc4 e6 8. 0-0 Be7 9. Be3 0-0 10. a3 Na5 11. Bd3 c5 12. dxc5 Nxe3 13. fxe3 Bxc5 14. Qe2 Nc6 15. Rad1 Qe7 16. h3 Bxf3 17. Qxf3 Qg5 18. Rde1 Nxe5 19. Qe4 Nxd3 20. Qxd3 f5 21. Kh1 Rad8 22. Qe2 Rd7 23. b4 Bb6 24. e4 Rd2 25. Qf3 Rfd8 26. exf5 R8d3 27. Qxb7 Rxc3 28. fxe6 Rc7 29. e7 Qxe7 30. Rxe7 Rxb7 31. Re8# 1-0

[Event "Mittelfrankenliga-B1 0506"]
[Site "Germany"]
[Date "2006.03.19"]
[Round "7.7"]
[White "Weiss, Michael"]
[Black "Switt, Juri"]
[Result "1-0"]
[WhiteElo "1957"]
[BlackElo "1644"]
[PlyCount "70"]
[EventDate "2005.10.16"]
[EventType "team"]
[EventRounds "9"]
[EventCountry "GER"]
[SourceTitle "EXT 2007"]
[Source "ChessBase"]
[SourceDate "2006.11.23"]
[SourceVersion "1"]
[SourceVersionDate "2006.11.23"]
[SourceQuality "1"]

1. d4 d5 2. Nf3 Bf5 3. c4 c6 4. Nc3 Nf6 5. Qb3 b6 6. Ne5 e6 7. e3 Nfd7 8. Nxd7 Nxd7 9. cxd5 cxd5 10. Bb5 Rc8 11. Ba6 Rc6 12. Qa4 Qc7 13. Bd2 Be7 14. Bb5 Rd6 15. Rc1 Qb7 16. Ba6 b5 17. Nxb5 Rxa6 18. Qxa6 Qxa6 19. Nc7+ Kd8 20. Nxa6 Bd3 21. Ba5+ Nb6 22. Nc5 Bg6 23. Na4 Kd7 24. Bxb6 axb6 25. Nxb6+ Kd6 26. Nc8+ Kd7 27. Nxe7 Kxe7 28. 0-0 Rb8 29. b3 Ra8 30. a4 Rb8 31. Rc3 Kd6 32. Rfc1 h5 33. Rc7 Rb6 34. a5 Ra6 35. b4 Bd3 1-0

[Event "Nuremberg Zabo op 07th"]
[Site "Nuremberg"]
[Date "2005.09.24"]
[Round "3"]
[White "Weiss, Michael"]
[Black "Promyshlyanskiy, Vitaliy"]
[Result "1/2-1/2"]
[WhiteElo "1704"]
[BlackElo "2187"]
[PlyCount "85"]
[EventDate "2005.09.23"]
[EventType "swiss"]
[EventRounds "5"]
[EventCountry "GER"]
[SourceTitle "EXT 2012"]
[Source "ChessBase"]
[SourceDate "2011.11.24"]
[SourceVersion "1"]
[SourceVersionDate "2011.11.24"]
[SourceQuality "1"]

1. d4 Nf6 2. Nf3 g6 3. g3 Bg7 4. Bg2 d6 5. c4 0-0 6. Nc3 Nbd7 7. 0-0 e5 8. e4 exd4 9. Nxd4 Nc5 10. f3 a5 11. b3 c6 12. Be3 Re8 13. Rf2 Qe7 14. Re2 Nfd7 15. Qd2 Ne5 16. Rd1 Ned3 17. Na4 Nb4 18. Nb6 Rb8 19. Nxc8 Rbxc8 20. Kh1 Rcd8 21. a3 Nba6 22. Bg5 f6 23. Bf4 a4 24. b4 Ne6 25. Nxe6 Qxe6 26. Qc2 Nc7 27. Red2 Bf8 28. Bf1 g5 29. Be3 Ra8 30. Bb6 Rec8 31. Bxc7 Rxc7 32. c5 Qe5 33. cxd6 Rd7 34. Qc4+ Kh8 35. Bh3 Rxd6 36. Rxd6 Bxd6 37. Qf7 b5 38. Rxd6 g4 39. Rd7 Qa1+ 40. Kg2 Qb2+ 41. Kg1 Qc1+ 42. Kf2 Qb2+ 43. Kg1 1/2-1/2

[Event "Nuremberg Zabo op 07th"]
[Site "Nuremberg"]
[Date "2005.09.23"]
[Round "1"]
[White "Weiss, Michael"]
[Black "Niederkleine, Ingmar"]
[Result "1-0"]
[WhiteElo "1704"]
[BlackElo "1573"]
[PlyCount "53"]
[EventDate "2005.09.23"]
[EventType "swiss"]
[EventRounds "5"]
[EventCountry "GER"]
[SourceTitle "EXT 2012"]
[Source "ChessBase"]
[SourceDate "2011.11.24"]
[SourceVersion "1"]
[SourceVersionDate "2011.11.24"]
[SourceQuality "1"]

1. d4 Nf6 2. Nf3 e6 3. g3 d5 4. Bg2 Nbd7 5. 0-0 Be7 6. b3 b5 7. c4 c6 8. Nbd2 0-0 9. Bb2 Ba6 10. Qc2 bxc4 11. bxc4 Nb6 12. Ne5 Rc8 13. c5 Nbd7 14. Nd3 Qc7 15. Rfe1 Rfe8 16. Nb4 Bb7 17. f4 g6 18. Bf3 Bf8 19. Bc3 Nb8 20. Rab1 Na6 21. Nd3 Rb8 22. Qa4 Qc8 23. Ne5 Nd7 24. e4 Bg7 25. Be2 Nxe5 26. fxe5 Re7 27. Bxa6 1-0

[Event "Nuremberg-ch op 05th"]
[Site "Nuremberg"]
[Date "2005.05.08"]
[Round "4"]
[White "Weiss, Michael"]
[Black "Hoffmann, Ayar"]
[Result "1/2-1/2"]
[WhiteElo "1997"]
[BlackElo "1834"]
[PlyCount "52"]
[EventDate "2005.05.06"]
[EventType "swiss"]
[EventRounds "5"]
[EventCountry "GER"]
[SourceTitle "EXT 2007"]
[Source "ChessBase"]
[SourceDate "2006.11.23"]
[SourceVersion "1"]
[SourceVersionDate "2006.11.23"]
[SourceQuality "1"]

1. d4 d5 2. Nf3 Bf5 3. c4 e6 4. Nc3 c6 5. Bf4 Bd6 6. Bxd6 Qxd6 7. Qb3 Qe7 8. e3 Nf6 9. Rc1 0-0 10. Ne5 Rc8 11. Be2 Rc7 12. 0-0 dxc4 13. Bxc4 Nbd7 14. f4 Ne4 15. Nxe4 Bxe4 16. Rf2 Nb6 17. Bd3 Bxd3 18. Nxd3 f5 19. Re1 Qf6 20. e4 Kh8 21. Nc5 Re7 22. Kf1 Rae8 23. Qb4 h6 24. a4 Rd8 25. a5 Nc8 26. e5 Qf7 1/2-1/2

[Event "Nuremberg-ch op 05th"]
[Site "Nuremberg"]
[Date "2005.05.07"]
[Round "3"]
[White "Steinbacher, Matthias"]
[Black "Weiss, Michael"]
[Result "1-0"]
[WhiteElo "2240"]
[BlackElo "1997"]
[PlyCount "51"]
[EventDate "2005.05.06"]
[EventType "swiss"]
[EventRounds "5"]
[EventCountry "GER"]
[SourceTitle "EXT 2007"]
[Source "ChessBase"]
[SourceDate "2006.11.23"]
[SourceVersion "1"]
[SourceVersionDate "2006.11.23"]
[SourceQuality "1"]

1. d4 d5 2. c4 dxc4 3. Nf3 Nf6 4. e3 e6 5. Bxc4 a6 6. 0-0 b5 7. Be2 Nbd7 8. a4 b4 9. Nbd2 c5 10. e4 Be7 11. e5 Nd5 12. Nc4 0-0 13. a5 Bb7 14. Re1 Rc8 15. h4 cxd4 16. Qxd4 f5 17. Bg5 Nc5 18. Bxe7 Qxe7 19. Nfd2 Rfd8 20. Nd6 Rxd6 21. exd6 Qxd6 22. Bf3 Qc7 23. Re5 Rd8 24. Rc1 Rc8 25. Bxd5 Bxd5 26. Rxd5 1-0

[Event "Forchheim op-A"]
[Site "Forchheim"]
[Date "2003.10.05"]
[Round "5"]
[White "Weiss, Michael"]
[Black "Schulze, Harald"]
[Result "0-1"]
[WhiteElo "2014"]
[BlackElo "2137"]
[PlyCount "38"]
[EventDate "2003.10.03"]
[EventType "swiss"]
[EventRounds "5"]
[EventCountry "GER"]
[SourceTitle "CBM 096 Extra"]
[Source "ChessBase"]
[SourceDate "2003.10.22"]
[SourceVersion "2"]
[SourceVersionDate "2003.10.20"]
[SourceQuality "1"]

1. d4 d5 2. Nf3 Nf6 3. c4 c6 4. Nc3 dxc4 5. a4 Bf5 6. e3 e6 7. Bxc4 Bb4 8. 0-0 0-0 9. Qe2 Ne4 10. Nxe4 Bxe4 11. Rd1 Nd7 12. Bd2 Qe7 13. a5 Rfd8 14. b3 Rac8 15. Bxb4 Qxb4 16. Ng5 Bg6 17. Bd3 Qe7 18. Bxg6 Qxg5 19. Qh5 Qxg6 0-1

[Event "Forchheim op-A"]
[Site "Forchheim"]
[Date "2003.10.03"]
[Round "2"]
[White "Kaiser, Harald"]
[Black "Weiss, Michael"]
[Result "0-1"]
[WhiteElo "1934"]
[BlackElo "2014"]
[PlyCount "56"]
[EventDate "2003.10.03"]
[EventType "swiss"]
[EventRounds "5"]
[EventCountry "GER"]
[SourceTitle "CBM 096 Extra"]
[Source "ChessBase"]
[SourceDate "2003.10.22"]
[SourceVersion "2"]
[SourceVersionDate "2003.10.20"]
[SourceQuality "1"]

1. e4 e6 2. d3 d5 3. Nd2 Nf6 4. Ngf3 Nc6 5. g3 Bc5 6. Bg2 dxe4 7. dxe4 e5 8. c3 a5 9. h3 0-0 10. 0-0 Qe7 11. Nh4 Rd8 12. Qf3 b5 13. Nb3 Bb6 14. Nf5 Bxf5 15. Qxf5 a4 16. Nd2 Rd3 17. Kh2 h6 18. h4 Rad8 19. Nf3 b4 20. cxb4 Nxb4 21. Ne1 g6 22. Qh3 Rd1 23. Bf3 Rxe1 24. Rxe1 Nc2 25. Bxh6 Nxa1 26. Rxa1 Qb4 27. Bg5 Rd6 28. b3 Qc3 0-1

[Event "Nuremberg-ch op 03rd"]
[Site "Nuremberg"]
[Date "2003.05.31"]
[Round "3"]
[White "Weiss, Michael"]
[Black "Hennemann, Herbert"]
[Result "1-0"]
[WhiteElo "1927"]
[BlackElo "1603"]
[PlyCount "71"]
[EventDate "2003.05.30"]
[EventType "swiss"]
[EventRounds "5"]
[EventCountry "GER"]
[SourceTitle "EXT 2006"]
[Source "ChessBase"]
[SourceDate "2005.11.24"]
[SourceVersion "1"]
[SourceVersionDate "2005.11.24"]
[SourceQuality "1"]

1. d4 Nf6 2. Nf3 e6 3. c4 c6 4. Nc3 d5 5. Bg5 Be7 6. e3 0-0 7. Rc1 Nbd7 8. Qc2 dxc4 9. Bxc4 Nb6 10. Bd3 Nbd7 11. 0-0 b6 12. Rfd1 Bb7 13. Ne4 h6 14. Bf4 Rc8 15. Nd6 Bxd6 16. Bxd6 Re8 17. Qb3 c5 18. dxc5 Bxf3 19. gxf3 Nd5 20. c6 Nc5 21. Bxc5 bxc5 22. Rxc5 Qg5+ 23. Kh1 Qh4 24. Qc2 Nb4 25. Rc4 Nxc2 26. Rxh4 Rxc6 27. Bb5 Rec8 28. Bxc6 Rxc6 29. Rc1 g5 30. Rxh6 Kg7 31. Rh5 Kg6 32. Rh8 Kf5 33. Rd8 Ra6 34. Rxc2 Rxa2 35. Kg2 Ra4 36. Kg3 1-0

[Event "Pyramiden Franken Cup 5th"]
[Site "Fuerth"]
[Date "2002.09.04"]
[Round "5"]
[White "Weiss, Michael"]
[Black "Weissmann, Peter"]
[Result "1-0"]
[WhiteElo "2008"]
[BlackElo "1741"]
[PlyCount "67"]
[EventDate "2002.08.31"]
[EventType "swiss"]
[EventRounds "9"]
[EventCountry "GER"]
[SourceTitle "CBM 090 Extra"]
[Source "ChessBase"]
[SourceDate "2002.11.07"]
[SourceVersion "1"]
[SourceVersionDate "2002.11.07"]
[SourceQuality "1"]

1. Nf3 d5 2. d4 e6 3. g3 b6 4. Bg2 Nf6 5. 0-0 Be7 6. c4 0-0 7. Nc3 Bb7 8. Qc2 Nc6 9. Rd1 Nb4 10. Qb1 Ne4 11. Be3 f5 12. Nxe4 fxe4 13. Ne5 Bg5 14. Bxg5 Qxg5 15. a3 Na6 16. b4 Rad8 17. Qc1 Qf5 18. Rf1 Qh5 19. e3 Rf6 20. b5 Rh6 21. h3 Nb8 22. c5 bxc5 23. Qxc5 Ba8 24. Qxa7 Nd7 25. Nxd7 Rxd7 26. Qxa8+ Kf7 27. Qc8 Re7 28. Rac1 g5 29. Rxc7 g4 30. h4 Qg6 31. Rxe7+ Kxe7 32. Qc7+ Kf6 33. Rc1 Qf7 34. Qe5+ 1-0

[Event "Pyramiden Franken Cup 5th"]
[Site "Fuerth"]
[Date "2002.08.31"]
[Round "1"]
[White "Weiss, Michael"]
[Black "Hedke, Fred"]
[Result "0-1"]
[WhiteElo "2008"]
[BlackElo "2361"]
[PlyCount "50"]
[EventDate "2002.08.31"]
[EventType "swiss"]
[EventRounds "9"]
[EventCountry "GER"]
[SourceTitle "CBM 090 Extra"]
[Source "ChessBase"]
[SourceDate "2002.11.07"]
[SourceVersion "1"]
[SourceVersionDate "2002.11.07"]
[SourceQuality "1"]

1. d4 Nf6 2. c4 e6 3. Nf3 d5 4. Nc3 Be7 5. Bg5 Nbd7 6. e3 h6 7. Bh4 0-0 8. Qc2 b6 9. cxd5 exd5 10. Bd3 Bb7 11. 0-0 c5 12. dxc5 bxc5 13. Be2 Nh5 14. Bxe7 Qxe7 15. Rfd1 Nhf6 16. Rac1 Rfd8 17. Qb3 Nb6 18. a4 Bc6 19. Qa3 Rab8 20. a5 Nc4 21. Bxc4 dxc4 22. Nd4 Be8 23. Nce2 Qd6 24. Rxc4 cxd4 25. Qd3 Bb5 0-1

[Event "Regionalliga NO 0102"]
[Site "Bayern"]
[Date "2002.04.28"]
[Round "9.6"]
[White "Reiser, Wolfgang"]
[Black "Weiss, Michael"]
[Result "1-0"]
[WhiteElo "2090"]
[BlackElo "1930"]
[PlyCount "49"]
[EventDate "2001.10.07"]
[EventType "team-tourn"]
[EventRounds "9"]
[EventCountry "GER"]
[SourceTitle "EXT 2003"]
[Source "ChessBase"]
[SourceDate "2002.11.25"]
[SourceVersion "1"]
[SourceVersionDate "2002.11.25"]
[SourceQuality "1"]
[WhiteTeam "Nuernberg II"]
[BlackTeam "Puschendorf"]
[WhiteTeamCountry "GER"]
[BlackTeamCountry "GER"]

1. c4 c5 2. g3 Nc6 3. Bg2 g6 4. Nc3 Bg7 5. a3 e6 6. b4 Nge7 7. bxc5 0-0 8. Rb1 Qa5 9. Rb5 Qc7 10. Nf3 a6 11. Qa4 Bxc3 12. dxc3 axb5 13. Qxa8 bxc4 14. Qa4 Na5 15. 0-0 Kg7 16. Rd1 f6 17. Nd4 Qxc5 18. Be3 Qc7 19. Nb5 Qd8 20. Bc5 b6 21. Bd6 Ba6 22. Nc7 Bc8 23. Qb5 Rf7 24. Qxb6 Nac6 25. a4 1-0

[Event "Regionalliga NO 0102"]
[Site "Bayern"]
[Date "2002.03.17"]
[Round "7.6"]
[White "Gerl, Hans Peter"]
[Black "Weiss, Michael"]
[Result "1/2-1/2"]
[WhiteElo "1980"]
[BlackElo "1930"]
[PlyCount "106"]
[EventDate "2001.10.07"]
[EventType "team-tourn"]
[EventRounds "9"]
[EventCountry "GER"]
[SourceTitle "EXT 2003"]
[Source "ChessBase"]
[SourceDate "2002.11.25"]
[SourceVersion "1"]
[SourceVersionDate "2002.11.25"]
[SourceQuality "1"]
[WhiteTeam "Zirndorf II"]
[BlackTeam "Puschendorf"]
[WhiteTeamCountry "GER"]
[BlackTeamCountry "GER"]

1. d4 d5 2. c4 dxc4 3. e4 Nf6 4. e5 Nd5 5. Bxc4 Nb6 6. Bb3 Nc6 7. Ne2 Bf5 8. Be3 e6 9. Nbc3 Be7 10. 0-0 0-0 11. Ng3 Bg6 12. f4 Na5 13. f5 exf5 14. Nxf5 Nbc4 15. Bxc4 Nxc4 16. Bc1 c5 17. Qe2 cxd4 18. Qxc4 dxc3 19. Qxc3 Rc8 20. Qxc8 Qb6+ 21. Be3 Qxe3+ 22. Nxe3 Rxc8 23. Nd5 Bc5+ 24. Kh1 Be4 25. Nc3 Bc6 26. Rad1 Re8 27. Rfe1 h5 28. a3 h4 29. b4 Bb6 30. Rd3 a6 31. a4 f5 32. b5 Be4 33. Nxe4 Rxe5 34. Nf6+ gxf6 35. Rb1 axb5 36. axb5 Be3 37. Rd7 b6 38. Ra1 Re8 39. h3 Bf2 40. Kh2 Kf8 41. Rad1 Re5 42. R7d5 Ke7 43. Rxe5+ fxe5 44. Rf1 Bg3+ 45. Kg1 Bf4 46. Kf2 Kd6 47. Kf3 Kc5 48. Rb1 Kc4 49. Rb2 Kc3 50. Rb1 Kc4 51. Rb2 Bg3 52. Rb1 e4+ 53. Ke3 Kd5 1/2-1/2

[Event "Regionalliga NO 0102"]
[Site "Bayern"]
[Date "2002.01.20"]
[Round "4.5"]
[White "Fischer, Erich"]
[Black "Weiss, Michael"]
[Result "1/2-1/2"]
[WhiteElo "2140"]
[BlackElo "1930"]
[PlyCount "50"]
[EventDate "2001.10.07"]
[EventType "team-tourn"]
[EventRounds "9"]
[EventCountry "GER"]
[SourceTitle "EXT 2003"]
[Source "ChessBase"]
[SourceDate "2002.11.25"]
[SourceVersion "1"]
[SourceVersionDate "2002.11.25"]
[SourceQuality "1"]
[WhiteTeam "Postbauer Heng"]
[BlackTeam "Puschendorf"]
[WhiteTeamCountry "GER"]
[BlackTeamCountry "GER"]

1. c4 c5 2. Nc3 b6 3. b3 e6 4. e3 Nf6 5. Nf3 Bb7 6. Bb2 Be7 7. Be2 0-0 8. 0-0 a6 9. Qc2 d6 10. Rfd1 Nbd7 11. d4 cxd4 12. exd4 Rc8 13. Qd3 d5 14. Nd2 e5 15. Nxd5 Nxd5 16. cxd5 exd4 17. Bxd4 Nf6 18. Nc4 Nxd5 19. Qg3 Bf6 20. Bf1 Bxd4 21. Rxd4 Qf6 22. Rad1 Rfd8 23. Qd3 Rd7 24. Qd2 g6 25. Qh6 b5 1/2-1/2

[Event "GER-chT U20"]
[Site "Hamburg"]
[Date "2001.12.29"]
[Round "6.3"]
[White "Seifert, Frank"]
[Black "Weiss, Michael"]
[Result "1/2-1/2"]
[WhiteElo "1893"]
[BlackElo "1930"]
[PlyCount "58"]
[EventDate "2001.12.26"]
[EventType "team"]
[EventRounds "7"]
[EventCountry "GER"]
[SourceTitle "EXT 2003"]
[Source "ChessBase"]
[SourceDate "2002.11.25"]
[SourceVersion "1"]
[SourceVersionDate "2002.11.25"]
[SourceQuality "1"]

1. d4 d5 2. c4 dxc4 3. e3 Nf6 4. Nc3 e6 5. Bxc4 c5 6. Nf3 a6 7. 0-0 b5 8. Bb3 Nbd7 9. Qe2 Bb7 10. Rd1 Qc7 11. Bc2 Be7 12. e4 cxd4 13. Nxd4 0-0 14. Bg5 Rac8 15. Rac1 h6 16. Bh4 Rfe8 17. Bg3 Qb6 18. e5 Nd5 19. Qd3 Nf8 20. Nxd5 Bxd5 21. Bb3 Rxc1 22. Rxc1 Rd8 23. Nf3 Bb7 24. Qe2 Rd7 25. Bf4 Bc5 26. Bc2 Bd5 27. b3 Ba3 28. Rd1 Bc5 29. Nd2 Qc6 1/2-1/2

[Event "GER-chT U20"]
[Site "Hamburg"]
[Date "2001.12.27"]
[Round "2.3"]
[White "Litwak, Aleksej"]
[Black "Weiss, Michael"]
[Result "1-0"]
[WhiteElo "1960"]
[BlackElo "1930"]
[PlyCount "137"]
[EventDate "2001.12.26"]
[EventType "team"]
[EventRounds "7"]
[EventCountry "GER"]
[SourceTitle "EXT 2003"]
[Source "ChessBase"]
[SourceDate "2002.11.25"]
[SourceVersion "1"]
[SourceVersionDate "2002.11.25"]
[SourceQuality "1"]

1. e4 e6 2. d4 d5 3. exd5 exd5 4. Bd3 Nc6 5. c3 Bd6 6. Qf3 Nge7 7. Ne2 Be6 8. Bf4 Ng6 9. Bxd6 Qxd6 10. Qg3 Qxg3 11. hxg3 0-0-0 12. Nd2 Nce7 13. 0-0-0 Bf5 14. Bb5 c6 15. Ba4 Rde8 16. Nf1 Bd7 17. Ne3 Nf5 18. Nxf5 Bxf5 19. Kd2 Re7 20. Nf4 Rhe8 21. Rde1 Nxf4 22. Rxe7 Rxe7 23. gxf4 Kd7 24. Rh5 Bg6 25. Rxd5+ Kc7 26. Re5 Rd7 27. Bb3 f6 28. Re1 c5 29. d5 b5 30. c4 bxc4 31. Bxc4 Bf7 32. Kc3 Bxd5 33. Bxd5 Rxd5 34. Re7+ Rd7 35. Re8 Kc6 36. Rh8 h6 37. Re8 Kd5 38. f3 Rb7 39. a3 Rc7 40. b3 Rd7 41. Kd3 g5 42. Rh8 gxf4 43. Rxh6 Ke5+ 44. Kc4 Rg7 45. Rh2 Kd6 46. a4 Rg5 47. a5 a6 48. Rh6 Ke5 49. Kxc5 Rxg2 50. Rh5+ Rg5 51. Rh2 Ke6+ 52. Kb6 Rb5+ 53. Kxa6 Rxb3 54. Rf2 Ra3 55. Kb6 Rb3+ 56. Ka7 Kd6 57. a6 Kc7 58. Rf1 Kc8 59. Ka8 Rb8+ 60. Ka7 Rb4 61. Rh1 Kc7 62. Rh7+ Kc6 63. Rf7 Rb3 64. Rxf6+ Kc7 65. Rxf4 Rb5 66. Re4 Kd7 67. f4 Kd6 68. Ka8 Kd5 69. Re1 1-0

[Event "Pyramiden Franken Cup 4th"]
[Site "Fuerth"]
[Date "2001.08.25"]
[Round "8"]
[White "Haas, Frank Martin"]
[Black "Weiss, Michael"]
[Result "1/2-1/2"]
[WhiteElo "2189"]
[BlackElo "1854"]
[PlyCount "67"]
[EventDate "2001.08.18"]
[EventType "swiss"]
[EventRounds "9"]
[EventCountry "GER"]
[SourceTitle "EXT 2010"]
[Source "ChessBase"]
[SourceDate "2010.11.25"]
[SourceVersion "1"]
[SourceVersionDate "2010.11.25"]
[SourceQuality "1"]

1. e4 e6 2. d4 d5 3. Nd2 Nf6 4. Bd3 c5 5. e5 Nfd7 6. c3 Nc6 7. Ndf3 cxd4 8. cxd4 Qb6 9. Ne2 f6 10. exf6 Nxf6 11. 0-0 Bd6 12. Rb1 Nb4 13. Bf4 Nxd3 14. Qxd3 Bxf4 15. Nxf4 0-0 16. Rfe1 Bd7 17. Ne5 Rae8 18. Rec1 Bb5 19. Qe3 Ne4 20. b3 Rf5 21. a4 h6 22. Nfd3 Ref8 23. f3 Ng5 24. h4 Nf7 25. Nxf7 R8xf7 26. f4 R5f6 27. g3 Rf8 28. Ne5 Be8 29. Qc3 Qa6 30. Rb2 b5 31. a5 h5 32. Qe3 Qd6 33. Rf1 Qe7 34. Rbf2 1/2-1/2